[Event "Pula op 35th"]
[Site "Pula"]
[Date "2023.06.18"]
[Round "2"]
[White "Lohvinov, Petro"]
[Black "Plasil, Petr"]
[Result "1-0"]
[WhiteElo "2302"]
[BlackElo "1996"]
[PlyCount "65"]
[EventDate "2023.06.17"]
[EventType "swiss"]
[EventRounds "9"]
[EventCountry "CRO"]
[SourceTitle "CBM 214 Extra"]
[Source "ChessBase"]
[SourceDate "2023.07.31"]
[SourceVersion "1"]
[SourceVersionDate "2023.07.31"]
[SourceQuality "1"]

1. e4 c5 2. Nf3 Nc6 3. d4 cxd4 4. Nxd4 e5 5. Nb5 d6 6. N1c3 a6 7. Na3 b5 8. Nd5 Nge7 9. c4 Nd4 10. Bd3 Nxd5 11. cxd5 g6 12. 0-0 Bg7 13. Nc2 0-0 14. Nxd4 exd4 15. a4 Bd7 16. axb5 Bxb5 17. Bxb5 axb5 18. Bf4 Qd7 19. Rxa8 Rxa8 20. Qb3 Be5 21. Bg3 Re8 22. Qd3 b4 23. f4 Bg7 24. Re1 Qb7 25. Bf2 Qa7 26. Rc1 Bf6 27. h3 Qe7 28. Re1 Qa7 29. Qb5 Rc8 30. Qxb4 Rc2 31. e5 dxe5 32. fxe5 Rxf2 33. exf6 1-0

[Event "Ricany op 20th"]
[Site "Ricany"]
[Date "2022.09.03"]
[Round "9"]
[White "Siles, Jan"]
[Black "Plasil, Petr"]
[Result "1-0"]
[WhiteElo "1780"]
[BlackElo "1963"]
[PlyCount "82"]
[EventDate "2022.08.27"]
[EventType "swiss"]
[EventRounds "9"]
[EventCountry "CZE"]
[SourceTitle "CBM 210 Extra"]
[Source "ChessBase"]
[SourceDate "2022.11.30"]
[SourceVersion "1"]
[SourceVersionDate "2022.11.30"]
[SourceQuality "1"]

1. d4 Nf6 2. Nf3 g6 3. c4 Bg7 4. Nc3 d5 5. cxd5 Nxd5 6. e4 Nxc3 7. bxc3 c5 8. Be3 0-0 9. Be2 Nc6 10. 0-0 cxd4 11. cxd4 Bg4 12. d5 Ne5 13. Nd4 Bxe2 14. Qxe2 Qd7 15. Rac1 Rac8 16. Rfd1 Ng4 17. Ne6 Rxc1 18. Rxc1 Rc8 19. Rxc8+ Qxc8 20. Qxg4 Bd4 21. h4 Bxe3 22. fxe3 fxe6 23. h5 Qc1+ 24. Kh2 Qxe3 25. Qxe6+ Kf8 26. Qc8+ Kf7 27. Qe6+ Kf8 28. Qe5 g5 29. Qh8+ Kf7 30. Qxh7+ Kf8 31. Qf5+ Kg7 32. Qe5+ Kf7 33. h6 Kg6 34. h7 Kxh7 35. Qxe7+ Kg6 36. Qe6+ Kg7 37. Qe5+ Kh7 38. d6 Qd2 39. Qf5+ Kg7 40. e5 Kh6 41. d7 Qe2 1-0

[Event "Tatranska Lomnica Tatry op"]
[Site "Tatranska Lomnica"]
[Date "2021.10.02"]
[Round "1"]
[White "Vyskocil, Neklan"]
[Black "Plasil, Petr"]
[Result "1-0"]
[WhiteElo "2272"]
[BlackElo "1955"]
[PlyCount "73"]
[EventDate "2021.10.02"]
[EventType "swiss"]
[EventRounds "9"]
[EventCountry "SVK"]
[SourceTitle "EXT 2023"]
[Source "ChessBase"]
[SourceDate "2022.10.05"]
[SourceVersion "1"]
[SourceVersionDate "2022.10.05"]
[SourceQuality "1"]

1. e4 c5 2. Nf3 Nc6 3. Bb5 e6 4. 0-0 Nge7 5. b3 a6 6. Bxc6 Nxc6 7. Bb2 d6 8. d4 cxd4 9. Nxd4 Nxd4 10. Qxd4 e5 11. Qd3 Be6 12. c4 Qd7 13. Nc3 Be7 14. Rad1 0-0 15. f4 exf4 16. Rxf4 Bg4 17. Rdf1 Bg5 18. R4f2 Bh4 19. g3 Bg5 20. h4 Bh6 21. Nd5 Rae8 22. Rf6 Re6 23. Qd4 Bh3 24. Rxh6 f6 25. Nxf6+ gxf6 26. Rfxf6 Rfxf6 27. Rxf6 Qg7 28. Kh2 Rxf6 29. Kxh3 Qd7+ 30. Kg2 Rf8 31. Qh8+ Kf7 32. Qxh7+ Ke8 33. Qxd7+ Kxd7 34. h5 Rf7 35. h6 Rh7 36. Bg7 Ke6 37. Kf3 1-0

[Event "CZE-chT2C 1920"]
[Site "Czech Republic"]
[Date "2020.01.26"]
[Round "7.5"]
[White "Cakl, Zdenek"]
[Black "Plasil, Petr"]
[Result "1-0"]
[WhiteElo "2002"]
[BlackElo "1961"]
[PlyCount "109"]
[EventDate "2019.10.13"]
[EventType "team-tourn"]
[EventRounds "11"]
[EventCountry "CZE"]
[SourceTitle "EXT 2024"]
[Source "ChessBase"]
[SourceDate "2023.10.10"]
[SourceVersion "1"]
[SourceVersionDate "2023.10.10"]
[SourceQuality "1"]
[WhiteTeam "Liberec Desko"]
[BlackTeam "Kobylisy II"]
[WhiteTeamCountry "CZE"]
[BlackTeamCountry "CZE"]

1. Nf3 Nf6 2. b3 g6 3. Bb2 Bg7 4. g3 0-0 5. Bg2 d5 6. c4 e6 7. 0-0 c5 8. cxd5 exd5 9. d4 Ne4 10. Qc1 cxd4 11. Bxd4 Bxd4 12. Nxd4 Nc6 13. Nxc6 Qf6 14. Bxe4 dxe4 15. Nd2 e3 16. fxe3 Qxc6 17. Qxc6 bxc6 18. Rac1 Bh3 19. Rf4 Rac8 20. Rfc4 Rfd8 21. Nf3 Rd5 22. Kf2 Ra5 23. a4 Be6 24. R4c3 Rb8 25. Nd4 Bd5 26. g4 c5 27. Rxc5 Rxc5 28. Rxc5 Bxb3 29. Ra5 Rb4 30. Nxb3 Rxb3 31. Rxa7 Kg7 32. Kf3 Kf6 33. a5 Ra3 34. h4 h5 35. gxh5 gxh5 36. Kf4 Kg6 37. Ra6+ f6 38. e4 Rh3 39. e5 Rxh4+ 40. Kf3 Rh3+ 41. Ke4 Rh2 42. e3 Ra2 43. Kf3 Ra4 44. exf6 h4 45. Kg2 Ra2+ 46. Kh3 Ra4 47. Ra8 Kxf6 48. a6 Kg7 49. a7 Ra3 50. Kxh4 Rxe3 51. Rg8+ Kxg8 52. a8Q+ Kf7 53. Kg4 Kf6 54. Qf8+ Ke5 55. Qf4+ 1-0

[Event "Prague op-A 19th"]
[Site "Prague"]
[Date "2020.01.17"]
[Round "9"]
[White "Plasil, Petr"]
[Black "Kvaloy, Aksel Bu"]
[Result "0-1"]
[WhiteElo "1978"]
[BlackElo "2132"]
[PlyCount "64"]
[EventDate "2020.01.10"]
[EventType "swiss"]
[EventRounds "9"]
[EventCountry "CZE"]
[SourceTitle "CBM 195 Extra"]
[Source "ChessBase"]
[SourceDate "2020.05.31"]
[SourceVersion "1"]
[SourceVersionDate "2020.05.31"]
[SourceQuality "1"]

1. d4 Nf6 2. c4 e6 3. Nf3 d5 4. Nc3 Bb4 5. Bg5 dxc4 6. e3 b5 7. Be2 Bb7 8. 0-0 a6 9. a4 c6 10. Ne5 Nbd7 11. f4 Qc7 12. Nxd7 Nxd7 13. e4 0-0 14. Rf3 f6 15. Bh4 Rad8 16. Qc2 c5 17. dxc5 Nxc5 18. axb5 axb5 19. Nxb5 Qb6 20. Qxc4 Nxe4+ 21. Kh1 Bc5 22. Rd3 Bd5 23. Qc2 Bf2 24. Bg3 Bxg3 25. hxg3 Qxb5 26. Re3 Qb7 27. Bd3 Rc8 28. Qe2 f5 29. Ba6 Qa7 30. Rea3 Nf2+ 31. Kh2 Ng4+ 32. Kh1 Qf7 0-1

[Event "Tatry op"]
[Site "Tatranske Zruby"]
[Date "2019.10.02"]
[Round "6"]
[White "Plasil, Petr"]
[Black "Valenta, Vit"]
[Result "1/2-1/2"]
[WhiteElo "1961"]
[BlackElo "2169"]
[PlyCount "77"]
[EventDate "2019.09.28"]
[EventType "swiss"]
[EventRounds "9"]
[EventCountry "SVK"]
[SourceTitle "EXT 2020"]
[Source "ChessBase"]
[SourceDate "2019.10.17"]
[SourceVersion "1"]
[SourceVersionDate "2019.10.17"]
[SourceQuality "1"]

1. d4 Nf6 2. c4 g6 3. Nc3 Bg7 4. e4 d6 5. f4 0-0 6. Nf3 Bg4 7. Be2 Nc6 8. d5 Nb8 9. 0-0 Nbd7 10. Be3 e5 11. f5 gxf5 12. exf5 Bxf5 13. Nxe5 Bg6 14. Nxg6 fxg6 15. Qd2 Ne5 16. Rf2 Qd7 17. Raf1 a6 18. h3 Rae8 19. Bg5 Qe7 20. Qe3 b6 21. Ne4 Ned7 22. Nxf6+ Bxf6 23. Qe6+ Qxe6 24. dxe6 Bxg5 25. exd7 Rd8 26. Rxf8+ Rxf8 27. Bf3 Kg7 28. Re1 Rf7 29. Bc6 Re7 30. Rxe7+ Bxe7 31. Kf2 Kf6 32. Ke3 Ke5 33. b4 Bg5+ 34. Kd3 Ke6 35. Kd4 Bf6+ 36. Ke4 Ke7 37. Kd5 Bc3 38. b5 a5 39. Ke4 1/2-1/2

[Event "Prague Menchik Memorial rapid"]
[Site "Prague"]
[Date "2019.06.09"]
[Round "7"]
[White "Fedorov, Evgueny"]
[Black "Plasil, Petr"]
[Result "1/2-1/2"]
[WhiteElo "2250"]
[BlackElo "1957"]
[PlyCount "171"]
[EventDate "2019.06.09"]
[EventType "swiss (rapid)"]
[EventRounds "9"]
[EventCountry "CSR"]
[SourceTitle "CBM 190 Extra"]
[Source "ChessBase"]
[SourceDate "2019.07.15"]
[SourceVersion "1"]
[SourceVersionDate "2019.07.15"]
[SourceQuality "1"]

1. e4 c5 2. Nf3 Nc6 3. d4 cxd4 4. Nxd4 e5 5. Nb5 d6 6. N1c3 a6 7. Na3 b5 8. Nd5 Nge7 9. c4 Nd4 10. Bd3 Nxd5 11. cxd5 Be7 12. Nc2 Nxc2+ 13. Qxc2 Bd7 14. 0-0 0-0 15. Be3 Rc8 16. Qd2 Qc7 17. Rfc1 Qb7 18. Qa5 Rxc1+ 19. Rxc1 Rc8 20. Rxc8+ Bxc8 21. f3 Kf8 22. g3 Ke8 23. Bb6 Bd7 24. b3 f5 25. a4 fxe4 26. fxe4 bxa4 27. Bxa6 Qb8 28. bxa4 Bd8 29. Bxd8 Qxd8 30. Qxd8+ Kxd8 31. a5 Kc7 32. Kf2 Kb8 33. Ke3 Ka7 34. Be2 Bc8 35. Kd2 Ba6 36. Bf3 g5 37. Kc3 Bf1 38. Kb4 Bd3 39. h4 gxh4 40. gxh4 h6 41. Kc3 Bf1 42. Kb3 Bd3 43. Kb4 Ka6 44. Bg2 Be2 45. Bh3 Ka7 46. Bd7 Bd3 47. Bf5 Be2 48. Ka3 Ka6 49. Ka4 Ka7 50. Kb4 Bd3 51. Kc3 Be2 52. Bc8 Bf1 53. Kb3 Bd3 54. Bf5 Ka6 55. Kc3 Bf1 56. Kb4 Ka7 57. Bh7 Bd3 58. Bg6 Be2 59. Bf5 Bd3 60. Kc3 Bf1 61. Kb3 Ka6 62. Ka4 Bd3 63. Kb4 Ka7 64. Kc3 Bf1 65. Bd7 Ka6 66. Kb4 Bd3 67. Bf5 Ka7 68. Bh7 Ka6 69. Bg6 Ka7 70. Bf5 Be2 71. Bh3 Bd3 72. Bg2 Ka6 73. Bf3 Bf1 74. Bg4 Bd3 75. Bc8+ Ka7 76. Bf5 Ka6 77. Bg6 Ka7 78. Kc3 Bf1 79. Bh5 Ka6 80. Kb4 Bd3 81. Bf3 Ka7 82. Kc3 Bf1 83. Bd1 Ka6 84. Kb4 Bd3 85. Bf3 Ka7 86. Kc3 1/2-1/2

[Event "Tatry op"]
[Site "Tatranske Zruby"]
[Date "2018.10.05"]
[Round "7"]
[White "Lys, Josef"]
[Black "Plasil, Petr"]
[Result "1-0"]
[WhiteElo "2147"]
[BlackElo "2004"]
[PlyCount "71"]
[EventDate "2018.09.30"]
[EventType "swiss"]
[EventRounds "9"]
[EventCountry "SVK"]
[SourceTitle "CBM 186 Extra"]
[Source "ChessBase"]
[SourceDate "2018.08.24"]
[SourceVersion "1"]
[SourceVersionDate "2018.08.24"]
[SourceQuality "1"]

1. d4 Nf6 2. Bg5 c5 3. Bxf6 gxf6 4. c3 Qb6 5. Qd2 d5 6. e3 Nc6 7. Nf3 e5 8. Be2 Rg8 9. dxc5 Bxc5 10. b4 Nxb4 11. cxb4 Bxb4 12. Nc3 Bg4 13. 0-0 Bh3 14. g3 Bxf1 15. Bxf1 Qa5 16. Qxd5 Bxc3 17. Qxb7 Rd8 18. Rc1 Kf8 19. Bc4 Rg7 20. Bb3 Qc5 21. Nh4 h5 22. Qf3 e4 23. Qxe4 Qe5 24. Qf3 Ba5 25. Rc6 Bc3 26. Ra6 Qc5 27. Qb7 Qg5 28. Qc7 Re8 29. Rxa7 Be5 30. Qc4 Kg8 31. Rxf7 Kh8 32. Qc6 Reg8 33. Rxg7 Rxg7 34. Qe8+ Kh7 35. Bc2+ Kh6 36. Qh8+ 1-0

[Event "Tatry op"]
[Site "Tatranske Zruby"]
[Date "2018.10.01"]
[Round "3"]
[White "Ruckschloss, Karol"]
[Black "Plasil, Petr"]
[Result "1-0"]
[WhiteElo "2253"]
[BlackElo "2004"]
[PlyCount "85"]
[EventDate "2018.09.30"]
[EventType "swiss"]
[EventRounds "9"]
[EventCountry "SVK"]
[SourceTitle "CBM 186 Extra"]
[Source "ChessBase"]
[SourceDate "2018.08.24"]
[SourceVersion "1"]
[SourceVersionDate "2018.08.24"]
[SourceQuality "1"]

1. c4 Nf6 2. d4 g6 3. Nc3 Bg7 4. e4 d6 5. Be2 0-0 6. h4 c5 7. d5 e6 8. h5 exd5 9. exd5 Qe7 10. Kf1 Nbd7 11. g4 Ne5 12. f3 Nfd7 13. Nh3 Nb6 14. Qb3 Nbxc4 15. Bxc4 Nxf3 16. Nf2 f5 17. g5 f4 18. Ne2 Nd4 19. Nxd4 Bxd4 20. Bd2 Qxg5 21. hxg6 hxg6 22. Qf3 Qg3 23. Be2 Qxf3 24. Bxf3 Bxb2 25. Rb1 Bd4 26. Be4 Kg7 27. Kg2 b6 28. Rh4 g5 29. Rh7+ Kg8 30. Rh5 Bf6 31. Kf3 Rf7 32. Ng4 Bxg4+ 33. Kxg4 Rg7 34. Bf5 Kf7 35. Re1 Re8 36. Be6+ Ke7 37. Reh1 Rf8 38. Rh7 f3 39. Kxf3 g4+ 40. Kg2 Ke8 41. Rxg7 Bxg7 42. Rh7 Bd4 43. Bg5 1-0

[Event "Prague Summer op-A 5th"]
[Site "Prague"]
[Date "2018.08.07"]
[Round "6"]
[White "Marczuk, Dominik"]
[Black "Plasil, Petr"]
[Result "1-0"]
[WhiteElo "2290"]
[BlackElo "2008"]
[PlyCount "63"]
[EventDate "2018.08.03"]
[EventType "swiss"]
[EventRounds "9"]
[EventCountry "CZE"]
[SourceTitle "CBM 185 Extra"]
[Source "ChessBase"]
[SourceDate "2018.07.29"]
[SourceVersion "1"]
[SourceVersionDate "2018.07.29"]
[SourceQuality "1"]

1. b3 d5 2. Bb2 c5 3. e3 Nf6 4. Nf3 a6 5. Be2 Nc6 6. d4 cxd4 7. Nxd4 e6 8. 0-0 Bd6 9. c4 e5 10. cxd5 Ne7 11. Nf3 e4 12. Nd4 Qc7 13. h3 Nexd5 14. Nd2 0-0 15. Rc1 Qb8 16. Nc4 Be7 17. a3 Bd7 18. b4 Rd8 19. Qb3 Qc7 20. Na5 Qb8 21. Bc4 Be8 22. Nf5 Bf8 23. Rfd1 Ne7 24. Rxd8 Qxd8 25. Nxb7 Qb6 26. Nfd6 Nf5 27. Bxf7+ Kh8 28. Nxf5 Qxb7 29. Bxe8 Nxe8 30. Rd1 Nf6 31. Bxf6 gxf6 32. Qe6 1-0

[Event "CZE-chT2B 1718"]
[Site "Czech Republic"]
[Date "2018.02.25"]
[Round "9.8"]
[White "Lesak, Ondrej"]
[Black "Plasil, Petr"]
[Result "1/2-1/2"]
[WhiteElo "1905"]
[BlackElo "2042"]
[PlyCount "109"]
[EventDate "2017.10.15"]
[EventType "team-tourn"]
[EventRounds "11"]
[EventCountry "CZE"]
[SourceTitle "EXT 2022"]
[Source "ChessBase"]
[SourceDate "2021.10.06"]
[SourceVersion "1"]
[SourceVersionDate "2021.10.06"]
[SourceQuality "1"]
[WhiteTeam "Decin"]
[BlackTeam "Kobylisy"]
[WhiteTeamCountry "CZE"]
[BlackTeamCountry "CZE"]

1. e4 c5 2. Nf3 Nc6 3. Nc3 e5 4. Bc4 Be7 5. 0-0 Nf6 6. d3 h6 7. h3 0-0 8. Be3 d6 9. Qd2 Nd4 10. Nh2 a6 11. Nd5 Be6 12. Nxe7+ Qxe7 13. Bxe6 Nxe6 14. f4 exf4 15. Bxf4 Nxf4 16. Qxf4 Qe5 17. Qxe5 dxe5 18. Rf5 Rfe8 19. Raf1 Re7 20. R1f2 Rd8 21. Nf3 Nd7 22. Nd2 b5 23. Nf1 Nb6 24. R5f3 Na4 25. Ne3 Nxb2 26. Nd5 Rb7 27. Rd2 Na4 28. c4 b4 29. Kf1 Nc3 30. Nxc3 bxc3 31. Rc2 Rb2 32. Rxc3 Rxa2 33. Rf2 Ra1+ 34. Ke2 Rb8 35. Ke3 a5 36. Rcc2 a4 37. Rb2 Ra8 38. Ra2 Rxa2 39. Rxa2 Kf8 40. Kd2 Ke7 41. Kc3 Kd6 42. Kb2 Rb8+ 43. Ka3 Rb3+ 44. Kxa4 Rxd3 45. Rb2 Rd4 46. Rb6+ Kc7 47. Kb5 Rxe4 48. Rc6+ Kd7 49. Rxc5 f5 50. Rc6 Rd4 51. Rg6 e4 52. Rxg7+ Kd8 53. Rf7 Rd2 54. Rxf5 Rxg2 55. Kc5 1/2-1/2

[Event "Tatry op"]
[Site "Tatranska Lomnica"]
[Date "2017.10.08"]
[Round "1"]
[White "Plasil, Petr"]
[Black "Jedlicka, Ales"]
[Result "1-0"]
[WhiteElo "2015"]
[BlackElo "2222"]
[PlyCount "191"]
[EventDate "2017.10.08"]
[EventType "swiss"]
[EventRounds "9"]
[EventCountry "SVK"]
[SourceTitle "CBM 181 Extra"]
[Source "ChessBase"]
[SourceDate "2017.12.12"]
[SourceVersion "1"]
[SourceVersionDate "2017.12.12"]
[SourceQuality "1"]

1. d4 Nf6 2. c4 g6 3. Nc3 Bg7 4. e4 0-0 5. Nf3 d6 6. Be2 e5 7. 0-0 Nc6 8. d5 Ne7 9. Ne1 Nd7 10. Be3 f5 11. f3 f4 12. Bf2 g5 13. a4 a5 14. Nb5 b6 15. Nd3 Nf6 16. b4 axb4 17. Be1 g4 18. Bxb4 Ng6 19. a5 bxa5 20. Rxa5 Rxa5 21. Bxa5 Rf7 22. c5 Bf8 23. cxd6 Bxd6 24. Nxd6 Qxd6 25. Bb4 Qd7 26. Nc5 Qe8 27. Bc4 Kh8 28. Qd3 Rg7 29. Ne6 Bxe6 30. dxe6 gxf3 31. Rxf3 Nh4 32. Rf2 Qg6 33. Qd8+ Rg8 34. e7 Nf3+ 35. Kh1 Nxe4 36. Qxg8+ Qxg8 37. Rc2 Qg6 38. gxf3 Nf6 39. Rc1 Qh5 40. Be2 Ne8 41. Rg1 h6 42. Kg2 Kg7 43. Bb5 Kf6 44. Bc6 Ke6 45. Rd1 Nf6 46. Rd2 Qg6+ 47. Kf2 Qh5 48. Ke1 e4 49. fxe4 f3 50. Rd8 f2+ 51. Kxf2 Qxh2+ 52. Ke1 Qg1+ 53. Kd2 Qf2+ 54. Kc3 Qe1+ 55. Kb3 Qb1+ 56. Ka4 Qc2+ 57. Kb5 Qe2+ 58. Ka5 Qe3 59. e8Q+ Nxe8 60. Rxe8+ Kf7 61. Re7+ Kf6 62. Rxc7 Qg1 63. Bc3+ Ke6 64. Bd5+ Kd6 65. Rc6+ Kd7 66. Be5 Qe1+ 67. Bc3 Qc1 68. Kb4 Qb1+ 69. Kc5 Qg1+ 70. Kc4 Qf1+ 71. Kd4 Qg1+ 72. Ke5 Qg5+ 73. Kd4 Qg1+ 74. Kc4 Qf1+ 75. Kc5 Qg1+ 76. Bd4 Qc1+ 77. Kb6 Qb1+ 78. Ka7 Qb4 79. Bb6 Qa4+ 80. Kb7 Qb5 81. Rxh6 Ke7 82. Re6+ Kf8 83. Rd6 Qb2 84. Rd7 Ke8 85. Bc6 Kf8 86. Kc7 Qe5+ 87. Kb7 Qb2 88. Rd5 Qg7+ 89. Bc7 Qb2+ 90. Kc8 Qc3 91. Bd6+ Kf7 92. Kd7 Qh3+ 93. Rf5+ Kg6 94. Ke6 Qh1 95. Be8+ Kg7 96. Rg5+ 1-0

[Event "Prague Summer op 4th"]
[Site "Prague"]
[Date "2017.08.06"]
[Round "4"]
[White "Egorov, Pavel"]
[Black "Plasil, Petr"]
[Result "1-0"]
[WhiteElo "2205"]
[BlackElo "2007"]
[PlyCount "61"]
[EventDate "2017.08.04"]
[EventType "swiss"]
[EventRounds "9"]
[EventCountry "CZE"]
[SourceTitle "CBM 179 Extra"]
[Source "ChessBase"]
[SourceDate "2017.08.23"]
[SourceVersion "1"]
[SourceVersionDate "2017.08.23"]
[SourceQuality "1"]

1. d4 Nf6 2. c4 g6 3. Nc3 d5 4. Nf3 Bg7 5. cxd5 Nxd5 6. e4 Nxc3 7. bxc3 c5 8. Rb1 0-0 9. Be2 Nc6 10. d5 Ne5 11. Nxe5 Bxe5 12. Qd2 e6 13. f4 Bc7 14. 0-0 exd5 15. exd5 Ba5 16. d6 b6 17. Bf3 Rb8 18. g4 Qf6 19. Bb2 Ba6 20. Rf2 Rbd8 21. Rd1 Bc4 22. f5 Qe5 23. Be2 Bxe2 24. Rxe2 Qf6 25. d7 gxf5 26. gxf5 Qxf5 27. Rg2+ Kh8 28. c4+ f6 29. Qh6 Rf7 30. Rf1 Qe6 31. Rxf6 1-0

[Event "CZE-chT2A 1617"]
[Site "Czech Republic"]
[Date "2017.03.19"]
[Round "10.7"]
[White "Plasil, Petr"]
[Black "Misicko, Jan"]
[Result "0-1"]
[WhiteElo "2000"]
[BlackElo "2072"]
[PlyCount "148"]
[EventDate "2016.10.09"]
[EventType "team-tourn"]
[EventRounds "11"]
[EventCountry "CZE"]
[SourceTitle "EXT 2022"]
[Source "ChessBase"]
[SourceDate "2021.10.06"]
[SourceVersion "1"]
[SourceVersionDate "2021.10.06"]
[SourceQuality "1"]
[WhiteTeam "Praha Kobylisy"]
[BlackTeam "Kladno"]
[WhiteTeamCountry "CZE"]
[BlackTeamCountry "CZE"]

1. d4 Nf6 2. c4 e6 3. Nf3 b6 4. a3 Bb7 5. Nc3 d5 6. Bg5 Be7 7. Qc2 Nbd7 8. cxd5 exd5 9. e3 0-0 10. Bd3 c5 11. 0-0 c4 12. Bf5 Re8 13. Rad1 Nf8 14. Rfe1 g6 15. Bh3 Bc8 16. Bxc8 Rxc8 17. Ne5 Ne4 18. Bxe7 Rxe7 19. Nxe4 dxe4 20. Qa4 Qd5 21. Rc1 Rec7 22. Rc3 f6 23. Ng4 Kg7 24. h3 h5 25. Nh2 Nd7 26. Rec1 f5 27. Nf1 b5 28. Qb4 Nb8 29. b3 Nc6 30. Qc5 Qxc5 31. dxc5 cxb3 32. Rxb3 a6 33. a4 Na5 34. Rbb1 Rxc5 35. Rd1 Nc4 36. Rd7+ Kf6 37. axb5 axb5 38. Ra1 R5c6 39. Raa7 Ne5 40. Rdb7 Rc1 41. Rxb5 Nc4 42. h4 Rc6 43. Rd7 f4 44. Rd4 fxe3 45. Rxe4 Rxf1+ 46. Kxf1 Nd2+ 47. Ke2 Nxe4 48. Kxe3 Nd6 49. Rb4 Nf5+ 50. Kf3 Rd6 51. g3 Nd4+ 52. Kf4 Nc6 53. Rb6 Rd4+ 54. Ke3 Rc4 55. f3 Rc5 56. g4 Re5+ 57. Kf4 Re6 58. Rb5 Re5 59. Rb6 Rc5 60. gxh5 gxh5 61. Ke4 Re5+ 62. Kf4 Re6 63. Rb5 Ne5 64. Kg3 Kf5 65. Ra5 Rb6 66. Ra4 Rg6+ 67. Kf2 Rc6 68. Ra3 Kf4 69. Ra4+ Rc4 70. Ra5 Rc2+ 71. Ke1 Rh2 72. Ra4+ Kxf3 73. Ra5 Nd3+ 74. Kd1 Nf4 0-1

[Event "Prague op 16th"]
[Site "Prague"]
[Date "2017.01.20"]
[Round "9"]
[White "Plasil, Petr"]
[Black "Zerafa, Patrick"]
[Result "1-0"]
[WhiteElo "1947"]
[BlackElo "2096"]
[PlyCount "103"]
[EventDate "2017.01.13"]
[EventType "swiss"]
[EventRounds "9"]
[EventCountry "CZE"]
[SourceTitle "CBM 176 Extra"]
[Source "ChessBase"]
[SourceDate "2017.03.02"]
[SourceVersion "1"]
[SourceVersionDate "2017.03.02"]
[SourceQuality "1"]

1. d4 Nf6 2. c4 g6 3. Nc3 Bg7 4. e4 d6 5. Nf3 0-0 6. Be2 e5 7. 0-0 Nc6 8. d5 Ne7 9. Ne1 Nd7 10. Be3 f5 11. f3 f4 12. Bf2 g5 13. a4 Nf6 14. a5 Rf7 15. c5 Bf8 16. cxd6 cxd6 17. Nb5 g4 18. Bxa7 gxf3 19. Bxf3 Qd7 20. Qb3 Ng6 21. Bf2 Ng4 22. Nd3 Nxf2 23. Nxf2 Qd8 24. Qc3 Rg7 25. Kh1 Bd7 26. Be2 Nh4 27. Rg1 Rc8 28. Qd3 Rc5 29. Nc3 Rxa5 30. Rxa5 Qxa5 31. h3 Rg3 32. Qd2 Qb6 33. Ng4 Kh8 34. Qc1 Be7 35. Nh2 Qf2 36. Qf1 Qc5 37. Bg4 Be8 38. Qe1 Bd8 39. Nf1 Rxg4 40. hxg4 f3 41. Ne3 fxg2+ 42. Rxg2 Nxg2 43. Kxg2 b5 44. Qf1 Kg8 45. Nf5 Bg5 46. Qa1 b4 47. Qa8 Kf8 48. Qb7 Bf7 49. Qb8+ Be8 50. Nxd6 Ke7 51. Qxe8+ Kxd6 52. Nb5+ 1-0

[Event "Tatry op"]
[Site "Tatranske Zruby"]
[Date "2016.09.25"]
[Round "2"]
[White "Plasil, Petr"]
[Black "Pacher, Milan"]
[Result "0-1"]
[WhiteElo "1973"]
[BlackElo "2499"]
[PlyCount "102"]
[EventDate "2016.09.24"]
[EventType "swiss"]
[EventRounds "9"]
[EventCountry "SVK"]
[SourceTitle "CBM 174 Extra"]
[Source "ChessBase"]
[SourceDate "2016.10.10"]
[SourceVersion "1"]
[SourceVersionDate "2016.10.10"]
[SourceQuality "1"]

1. d4 Nf6 2. c4 c5 3. d5 e6 4. Nc3 exd5 5. cxd5 d6 6. e4 g6 7. f4 Bg7 8. Bb5+ Nfd7 9. a4 0-0 10. Nf3 Na6 11. 0-0 Nb4 12. Re1 a6 13. Bf1 Re8 14. a5 b5 15. axb6 Nxb6 16. h3 f5 17. e5 Bb7 18. Qb3 a5 19. Bb5 Re7 20. Rd1 h6 21. Be3 c4 22. Bxc4 Nxc4 23. Qxc4 Nc2 24. Bf2 Nxa1 25. Rxa1 Kh7 26. Qb5 Qe8 27. Bh4 Rd7 28. e6 Rc7 29. Qb6 Rxc3 30. Qxb7 Rb8 31. Qd7 Rc5 32. Qxd6 Qc8 33. Re1 Rc1 34. e7 Rxe1+ 35. Bxe1 Bxb2 36. Bxa5 Qe8 37. Bd8 Rc8 38. Qe6 Rc1+ 39. Kh2 Bg7 40. Nh4 Rc4 41. Nxg6 Re4 42. Ne5 Rxf4 43. Nf7 Rf1 44. Nd6 Qa4 45. Qe3 Qd7 46. Qg3 Bd4 47. h4 Bg1+ 48. Kh3 Bc5 49. e8Q Rh1+ 50. Qh2 Rxh2+ 51. Kxh2 Bxd6+ 0-1

[Event "CZE-chT2B 1516"]
[Site "Czech Republic"]
[Date "2015.10.18"]
[Round "1.3"]
[White "Purnoch, Josef"]
[Black "Plasil, Petr"]
[Result "1/2-1/2"]
[WhiteElo "2155"]
[BlackElo "2020"]
[PlyCount "76"]
[EventDate "2015.10.18"]
[EventType "team-tourn"]
[EventRounds "11"]
[EventCountry "CZE"]
[SourceTitle "EXT 2022"]
[Source "ChessBase"]
[SourceDate "2021.10.06"]
[SourceVersion "1"]
[SourceVersionDate "2021.10.06"]
[SourceQuality "1"]
[WhiteTeam "Neratovice II"]
[BlackTeam "Unichess II"]
[WhiteTeamCountry "CZE"]
[BlackTeamCountry "CZE"]

1. d4 Nf6 2. c4 g6 3. Nc3 d5 4. Bf4 Bg7 5. e3 0-0 6. Rc1 c5 7. dxc5 Be6 8. Qb3 Na6 9. Qxb7 Nxc5 10. Qb4 Rc8 11. Rd1 a5 12. Qa3 Qb6 13. Nf3 dxc4 14. Nd4 Nd5 15. Nxe6 Nb4 16. Nd5 Nxd5 17. Nxc5 Bxb2 18. Na4 Bxa3 19. Nxb6 Bb4+ 20. Ke2 Nxb6 21. Rc1 Rfd8 22. e4 Na4 23. Kf3 Nb2 24. Rc2 Nd3 25. Bxd3 Rxd3+ 26. Ke2 Rd4 27. f3 c3 28. Rb1 Rdc4 29. Kd3 R4c6 30. Rb3 f6 31. a3 Bd6 32. Bxd6 Rxd6+ 33. Ke3 Rdc6 34. Kd3 Rd6+ 35. Ke3 Rdc6 36. Kd3 Rd8+ 37. Ke3 Rdc8 38. Kd3 Rd8+ 1/2-1/2

[Event "Prague Summer op 2nd"]
[Site "Prague"]
[Date "2015.08.08"]
[Round "2"]
[White "Bartos, Jan"]
[Black "Plasil, Petr"]
[Result "1/2-1/2"]
[WhiteElo "2231"]
[BlackElo "2085"]
[PlyCount "50"]
[EventDate "2015.08.07"]
[EventType "swiss"]
[EventRounds "9"]
[EventCountry "CZE"]
[SourceTitle "CBM 167 Extra"]
[Source "ChessBase"]
[SourceDate "2015.09.14"]
[SourceVersion "1"]
[SourceVersionDate "2015.09.14"]
[SourceQuality "1"]

1. d4 Nf6 2. c4 g6 3. Nc3 d5 4. Nf3 Bg7 5. cxd5 Nxd5 6. e4 Nxc3 7. bxc3 0-0 8. Be2 c5 9. 0-0 Nc6 10. Be3 Bg4 11. d5 Ne5 12. Bxc5 Nxf3+ 13. Bxf3 Bxf3 14. Qxf3 Rc8 15. Qe3 Bxc3 16. Qxc3 b6 17. Qa3 Rxc5 18. Qxa7 Qd6 19. Rfc1 f5 20. Rxc5 Qxc5 21. Qd7 fxe4 22. Qe6+ Rf7 23. Rf1 Qd4 24. g4 Kg7 25. h3 b5 1/2-1/2

[Event "Prague Golden op 11th"]
[Site "Prague"]
[Date "2015.06.27"]
[Round "8"]
[White "Pribylova, Sofie"]
[Black "Plasil, Petr"]
[Result "0-1"]
[WhiteElo "1767"]
[BlackElo "2079"]
[PlyCount "106"]
[EventDate "2015.06.21"]
[EventType "swiss"]
[EventRounds "9"]
[EventCountry "CZE"]
[SourceTitle "EXT 2017"]
[Source "ChessBase"]
[SourceDate "2016.10.25"]
[SourceVersion "1"]
[SourceVersionDate "2016.10.25"]
[SourceQuality "1"]

1. d4 Nf6 2. Bf4 g6 3. Nf3 Bg7 4. h3 0-0 5. e3 d6 6. Be2 Nbd7 7. 0-0 Qe8 8. Bh2 e5 9. c4 Ne4 10. Nbd2 Nxd2 11. Qxd2 Qe7 12. Qc2 a5 13. Rac1 b6 14. b3 Bb7 15. Rfd1 Rad8 16. a3 c5 17. dxe5 dxe5 18. e4 Nb8 19. Rxd8 Rxd8 20. Rd1 Rxd1+ 21. Bxd1 Qd6 22. Qd2 Qxd2 23. Nxd2 f6 24. f3 Bh6 25. Nb1 Bc1 26. Kf2 Nc6 27. a4 Nd4 28. Nc3 Kf7 29. Nd5 Bxd5 30. exd5 Ke7 31. g4 Kd6 32. Bg1 f5 33. Ke1 e4 34. Bh2+ f4 35. fxe4 Ke5 36. Bg1 Be3 37. Bh2 g5 38. Kf1 Kxe4 39. Kg2 Ke5 40. Kf1 h6 41. Kg2 Ke4 42. Kf1 Kd3 43. Ke1 Nc2+ 44. Kf1 Bd4 45. Bg1 Be5 46. Bf2 Kd2 47. Be2 Kc3 48. Be1+ Kxb3 49. Bd1 Kb2 50. Ke2 Ne3 51. Kd2 Nxd1 52. Kxd1 Kb3 53. h4 Kxc4 0-1